00506 a2200157 4500003000500000005001700005040000900022082000800031100001400039245003600053260002200089300001100111505018300122538002900305650001400334Nust20170207153456.0 cNust a920 aJones,Ira aKing of Air FighterscIra Jones aLondonbNicholson a190: p aEarly Life (Page-11), Learning To Fly And First Tour Of Duty In France (Page-25), Second Tour Of Duty In France (Page-109), King Of Air Fighters (Page-173), L’envoi (Page-190). aAlmirah No.60 Shelf No.3 aBiography